Output in the construction industry (Record no. 114420)

MARC details
000 -LEADER
fixed length control field 01230cad a22001935a 4500
001 - CONTROL NUMBER
control field L156801
008 - FIXED-LENGTH DATA ELEMENTS--GENERAL INFORMATION
fixed length control field 120716s2012 xxkd f s f000 0 eng d
035 ## - SYSTEM CONTROL NUMBER
System control number (Sirsi) u156801
041 0# - LANGUAGE CODE
Language code of text/sound track or separate title eng
110 1# - MAIN ENTRY--CORPORATE NAME
Corporate name or jurisdiction name as entry element United Kingdom
Subordinate unit Office of National Statistics
9 (RLIN) 2035
245 00 - TITLE STATEMENT
Title Output in the construction industry
Remainder of title April 2012
Medium [electronic resource]
260 ## - PUBLICATION, DISTRIBUTION, ETC.
Place of publication, distribution, etc. [S.l.]
Name of publisher, distributor, etc. ONS
Date of publication, distribution, etc. 2012
520 ## - SUMMARY, ETC.
Summary, etc. The following compares the total output volume for the three months from February 2012 to April 2012 with that of the same three months one year earlier, in constant prices, not seasonally adjusted: Overall, the volume of construction output decreased by 6.7 per cent. Of the two main components, new work fell by 9.5 per cent and repair and maintenance fell by 1.4 per cent. The largest decreases were new public non-housing excluding infrastructure (22.4 per cent) and new public housing (22.1 per cent). Non-housing repair and maintenance showed the largest percentage growth, increasing by 1.1 per cent.
590 ## - LOCAL NOTE (RLIN)
Local note KA
651 #4 - SUBJECT ADDED ENTRY--GEOGRAPHIC NAME
Geographic name Great Britain
Chronological subdivision 1707-
690 ## - LOCAL SUBJECT ADDED ENTRY--TOPICAL TERM (OCLC, RLIN)
Topical term or geographic name as entry element Construction management
9 (RLIN) 6230
856 40 - ELECTRONIC LOCATION AND ACCESS
Uniform Resource Identifier <a href="https://www.ons.gov.uk/ons/dcp171780_267363.pdf">https://www.ons.gov.uk/ons/dcp171780_267363.pdf</a>
Public note View the release free of charge at www.ons.gov.uk
942 ## - ADDED ENTRY ELEMENTS (KOHA)
Suppress in OPAC 0
Holdings
Withdrawn status Lost status Source of classification or shelving scheme Damaged status Not for loan Home library Current library Shelving location Date acquired Total Checkouts Full call number Barcode Date last seen Copy number Price effective from Koha item type
    Dewey Decimal Classification     Virtual Virtual Online 16/07/2012   ONLINE PUBLICATION 156801-2001 06/08/2019 1 06/08/2019 Book